logo

Bir Sreshtho Munshi Abdur Rouf Library
Jhenaidah Cadet College

পুঁজিবাদের দুঃশাসন / (Record no. 11178)

MARC details
000 -LEADER
fixed length control field 00802nam a2200241 a 4500
001 - CONTROL NUMBER
JCCL Control Number 11178
003 - CONTROL NUMBER IDENTIFIER
JCCL marc code BD-JhCC
005 - DATE AND TIME OF LATEST TRANSACTION
control field 20190806140255.0
008 - FIXED-LENGTH DATA ELEMENTS--GENERAL INFORMATION
fixed length control field 190606b 2017bg |||| ||a| 000 0 ben d
020 ## - INTERNATIONAL STANDARD BOOK NUMBER
International Standard Book Number 9789849237877
035 ## - SYSTEM CONTROL NUMBER
system control number (BD-JhCC)11178
040 ## - CATALOGING SOURCE
Original cataloging agency BD-JhCC
Modifying agency BD-JhCC
041 ## - LANGUAGE CODE
Language code of Book ben
082 ## - DEWEY DECIMAL CLASSIFICATION NUMBER
Author mark and Year CHO 2017
Classification number 332.642
100 ## - MAIN ENTRY--PERSONAL NAME
Personal name চৌধুরী, সিরাজুল ইসলাম
245 ## - TITLE STATEMENT
Title পুঁজিবাদের দুঃশাসন /
Statement of responsibility, etc সিরাজুল ইসলাম চৌধুরী ।
260 ## - PUBLICATION, DISTRIBUTION, ETC. (IMPRINT)
Place of publication, distribution, etc ঢাকা:
Name of publisher, distributor, etc রোদেলা প্রকাশ;
Date of publication, distribution, etc ২০১৭.
300 ## - PHYSICAL DESCRIPTION
Pagination ১৭৫ পৃ. :
Dimensions ২২ সেমি.
650 ## - SUBJECT ADDED ENTRY--TOPICAL TERM
Topical term or geographic name as entry element Stock exchanges
650 ## - SUBJECT ADDED ENTRY--TOPICAL TERM
Topical term or geographic name as entry element Portfolio management
942 ## - ADDED ENTRY ELEMENTS (KOHA)
Source of classification or shelving scheme Dewey Decimal Classification
Koha item type Books
Holdings
Source of classification or shelving scheme Damaged status Not for loan Home library Current library Shelving location Date of accession Cost, normal purchase price Total Checkouts Full call number Barcode Date last seen Copy number Koha item type
Dewey Decimal Classification     JCC Rouf Library JCC Rouf Library General Stacks 06/06/2019 175.00   332.642 CHO 2017 15437 08/06/2019 C-1 Books

JCC Library | Contacts | JCC Home

Last Update on 23 September 2017
Copyright @ 2017-2020 JCC Rouf Library
Rouf Library, Jhenidah Cadet College (JCC), Bangladesh